000 00612nam a22002177a 4500
005 20170124110013.0
010 _aA-948912
020 _c00.00
035 _aA-948912
037 _bCen Lib/ Ret
040 _aDPL
_bEN
082 _a338.04
_bHAN
245 _aHandbook for entrepreneurs /
_cedited by P.C. Jain
260 _aNew Delhi
_bOxford university press
_c1998
270 _bNew Delhi
300 _a317p.
_c22cm(Hb)
500 _aIncludes bibliographical references
650 _aEnterprenuers
_vhandbook
_918127
700 _918106
_aJain, P.C
942 _2ddc
_cEN
_h338.04
_mHAN
999 _c126666
_d126666